Landmarks in Bucharest - Statistics

General Stats
  • This quiz has been taken 18 times
    7 since last reset
  • The average score is 3 of 6
Answer Stats
Hint Answer % Correct
The heaviest building in the world Palace of Parliament
83%
The tallest building in Romania Sky Tower
50%
A building similar to the famous arch in Paris Triumph Arch
50%
A museum in Herăstrău park dedicated to village life Village Museum
50%
The oldest public garden in Bucharest Cişmigiu Garden
33%
A concert hall in the Neoclassic style of architecture Romanian Atenaeum
17%
No matching quizzes found
Score Distribution
Percent of People with Each Score
Percentile by Number Answered
Your Score History
You have not taken this quiz since the last reset